Statystyki dla Największe miasta nad polskimi rzekami

Kliknij tutaj aby rozwiązać quiz!

Ogólne statystyki

  • Ten quiz został rozwiązany 54 razy
  • Średni wynik to 5 z 10

Statystyki odpowiedzi

RzekaDługośćMiasto% Poprawnych
Wisła1047 kmWarszawa
100%
Odra854 kmWrocław
98%
Warta808 kmPoznań
94%
San458 kmPrzemyśl
67%
Narew484 kmŁomża
42%
Bóbr272 kmJelenia Góra
33%
Noteć391 kmNakło nad Notecią
29%
Pilica319 kmTomaszów Mazowiecki
27%
Bug772 kmBrześć
23%
Wieprz303 kmLubartów
13%

Rozkład punktacji

Percentyl według liczby udzielonych odpowiedzi

Procent ludzi z każdym wynikiem

Twoja historia wyników

Nie rozwiązałeś tego quizu